000 00578nam a22001937a 4500
999 _c20189
_d20189
003 AR-CdUCM
008 190304b ||||| |||| 00| 0 spa d
040 _aMUNICIPALIDAD PROVINCIAL DEL CUSCO
_cBIBLIOTECA MUNICIPAL DEL CUSCO
082 _aSI/868 /
_bD21
100 _aDay, Liliana
_942201
245 _aPaganini /
260 _aBuenos Aires :
_bEDHASA,
300 _a40 páginas ;
_bilustraciones en color,
_c20 cm.
650 _aLiteratura italiana
_9615
650 _aLiteratura infantil
_9588
650 _aNicolas Paganini
_942202
942 _2ddc
_cLIBROS
945 _arcc